000 00745nam a2200181 a 4500
008 161014s2000 ||||||||||||||||| || u
020 _a01557759669
050 _aIMF(08)EI/23
100 _aBasu, Anupam
245 1 0 _aPromoting growth in sub-saharan africa: learning what works
_cBy Anupam Basu, Evangelos A. Glamitsis [and] Dhaneshwar Ghura
260 _aWashington, D. C.
_bInternational Monetary Fund
_c2000
300 _aiii, 13p.
650 _aPOLICY IMPLICATIONS
650 _aPOLICY REFORMS
650 _aGROWTH FACTORS--SUB SAHARAN AFRICA
650 _aSUB-SAHARAN AFRICA--ECONOMIC POLICIES
995 _FCBU-MAIN LIBRARY (Kitwe)
_M1
_UAVAILABLE
_WOct 21, 2016
_ZInternational Publications
999 _c55078
_d55078